My Little Pony characters - Sudden Death - Statystyki

Ogólne statystyki
  • Ten quiz został rozwiązany 17 razy
  • Średni wynik to 9 z 20
Answers on the Grid
Answers color-coded by a green-red scale on the quiz's grid according to % correct below.
Twilight Sparkle
Pinkie Pie
Rainbow Dash
Apple Bloom
Sweetie Belle
Prince Blueblood
Shining Armor
Uncle Orange
Goldie Delicious
Pear Butter
Cloudy Quartz
Zephyr Breeze
Filthy Rich
Silver Spoon
Starlight Glimmer
Sunset Shimmer
Lightning Dust
Photo Finish
Misty Fly
Coco Pommel
Triple Diamond
Sky Blaze
Sugar Plum
Fairy Breeze
Sour Candy
Angel Wings
Honey Drizzle
Blue Rose
Crystal Castle
Rainy Cloud
Nosy Hooves
Palm Spring
Photo Click
Old Yarn
Cherry Cake
Glorious Saddle
 
Statystyki odpowiedzi
Odpowiedź % Poprawnych
Twilight Sparkle
100%
Pinkie Pie
91%
Rainbow Dash
91%
Apple Bloom
82%
Starlight Glimmer
64%
Sweetie Belle
64%
Shining Armor
55%
Sunset Shimmer
55%
Pear Butter
45%
Goldie Delicious
36%
Silver Spoon
36%
Uncle Orange
36%
Coco Pommel
27%
Lightning Dust
27%
Misty Fly
27%
Photo Finish
27%
Prince Blueblood
27%
Zephyr Breeze
27%
Filthy Rich
18%
Cloudy Quartz
9%
Nie znaleziono quizów pasujących do podanych kryteriów
Rozkład punktacji
Procent ludzi z każdym wynikiem
Percentyl według liczby udzielonych odpowiedzi
Twoja historia wyników
Nie rozwiązałeś tego quizu